MARC

LEADER 00000nam0a2200000 4500
001 138734
005 20231031141530.0
020 |a RU  |b 87-75103 
035 |a (RuTPU)RU\TPU\book\150312 
090 |a 138734 
100 |a 20080529d1987 k y0rusy5003 ca 
101 0 |a rus 
102 |a RU 
105 |a a z 001zy 
200 1 |a Механика растущих вязкоупругопластических тел  |f Н. Х. Арутюнян, А. Д. Дроздов, В. Э. Наумов 
210 |a Москва  |c Наука  |d 1987 
215 |a 471 с.  |c ил. 
320 |a Библиогр.: с. 444-464. 
320 |a Предм. указ.: с. 465-466. 
610 1 |a деформируемые тела 
610 1 |a механика 
610 1 |a вязкость 
610 1 |a теория 
610 1 |a упругость 
610 1 |a пластичность 
610 1 |a задачи 
610 1 |a устойчивость 
610 1 |a наращивание 
675 |a 539.3  |v 3 
700 1 |a Арутюнян  |b Н. Х.  |g Нагуш Хачатурович  |4 070 
701 1 |a Дроздов  |b А. Д.  |g Алексей Дмитриевич 
701 1 |a Наумов  |b В. Э.  |g Вячеслав Энгельсович 
801 0 |a RU  |b RuMRKP  |c 19950417  |g psbo 
801 1 |a RU  |b 63413507  |c 20080529  |g PSBO 
801 2 |a RU  |b 63413507  |c 20120802  |g PSBO 
942 |c BK